| 000 | 00482nam a2200193 a 4500 | ||
|---|---|---|---|
| 005 | 20210223124318.0 | ||
| 008 | 010803s1989 mx r 000 0 spa d | ||
| 020 | _a9688406260 | ||
| 035 | _aUPN01000110495 | ||
| 049 | _aCG | ||
| 050 | 4 |
_aNC1355 _bM3.4 |
|
| 245 | 0 | 0 | _aMagú. |
| 260 |
_aMéxico : _bUAM-Azcapotzalco, _c1989. |
||
| 300 | _a103 p. | ||
| 600 | 1 | 4 |
_aMAGU, _d1944 - _vCATALOGOS |
| 650 | 4 |
_aSATIRA MEXICANA _925139 |
|
| 650 | 4 |
_aSATIRA POLITICA _916824 |
|
| 905 | _aLibro | ||
| 999 |
_c84404 _d84404 |
||